Companions of St. Paul. (Record no. 5081)

000 -LEADER
fixed length control field 00550nam a2200181 a 4500
001 - CONTROL NUMBER
control field :::00002822$&:&@@
003 - CONTROL NUMBER IDENTIFIER
control field OkBaRHE
005 - DATE AND TIME OF LATEST TRANSACTION
control field 20000607103257.0
008 - FIXED-LENGTH DATA ELEMENTS--GENERAL INFORMATION
fixed length control field s1969 j 000 0 eng u
040 ## - CATALOGING SOURCE
Transcribing agency
100 1# - MAIN ENTRY--PERSONAL NAME
Personal name Howson, John Saul, 1816-1885.
245 10 - TITLE STATEMENT
Title Companions of St. Paul.
260 ## - PUBLICATION, DISTRIBUTION, ETC. (IMPRINT)
Place of publication, distribution, etc Joplin, MO., :
Name of publisher, distributor, etc College Press
Date of publication, distribution, etc 1969
300 ## - PHYSICAL DESCRIPTION
Extent 290 p. ;
Dimensions 23 cm.
650 ## - SUBJECT ADDED ENTRY--TOPICAL TERM
Topical term or geographic name as entry element Bible New Testament
General subdivision Biography
942 ## - ADDED ENTRY ELEMENTS (KOHA)
Source of classification or shelving scheme
Koha item type Books
Copies
Price effective from Full call number Lost status Not for loan Barcode Date acquired Withdrawn status Date last seen Permanent Location Koha item type Copy number Damaged status Source of classification or shelving scheme Shelving location
2010-04-14BS 2430 .H562  28222010-04-14 2018-03-16RHEMA Bible Training CollegeBooks1  General Stacks